000
00310nam a22001337a 4500
008
181101b xxu||||| |||| 00| 0 eng d
020
_a
9781557662651
041
_a
eng
080
_a
159.9
100
_a
49
101
_a
PSI
245
_a
Sexuality. After spinal cord injury
_c
Ducharme, S.H
942
_2
udc
_c
BK
999
_c
51508
_d
51508